Normal view
MARC view
- Lógica simbólica y matemática
Entry Materia
Number of records used in: 118
001 - NÚMERO DE CONTROL DEL REGISTRO
- campo de control: 3581
003 - IDENTIFICADOR DE NUMERO DE CONTROL
- campo de control: UPN
005 - FECHA Y HORA DE LA ÚLTIMA TRANSACCIÓN
- campo de control: 20220603155503.0
008 - DATOS DE LONGITUD FIJA
- campo de control de longitud fija: 220603n||acnnnbabn | ana |d
035 ## - NÚMERO DE CONTROL DEL SISTEMA
- Número de control del sistema: UPN10000003581
040 ## - FUENTE DE LA CATALOGACIÓN
- Centro catalogador de origen: UPN
- Lengua de catalogación: SPA
- Agencia de transcripción: UPN
046 ## - FECHAS CON CODIFICACIÓN ESPECIAL
- Fecha final para contenidos agregados: 2022
150 ## - ENCABEZAMIENTO - TEMÁTICO
- Término de materia o nombre geográfico como elemento inicial: Lógica simbólica y matemática
450 ## - VÉASE - MATERIA
- Encabezamiento temático: Lógica matemática
670 ## - FUENTE EN LA QUE SE LOCALIZARON DATOS
- Cita de la fuente: DGB UNAM, 3 junio 2022:
- Información localizada: (Lógica simbólica y matemática)
902 ## - CATALOGADOR
- Catalogador: CAA/090996
